<?xml version="1.0" encoding="UTF-8"?>
<collection xmlns="http://www.loc.gov/MARC21/slim">
 <record>
  <leader>02151nam a2200169 a 4500</leader>
  <controlfield tag="001">1/31192</controlfield>
  <controlfield tag="008">      s2000    lu     f      00010 gre d</controlfield>
  <datafield tag="022" ind1="0" ind2=" ">
   <subfield code="a">1027-250X</subfield>
  </datafield>
  <datafield tag="035" ind1=" " ind2=" ">
   <subfield code="l">33494</subfield>
  </datafield>
  <datafield tag="040" ind1=" " ind2=" ">
   <subfield code="a">GR-PeUP</subfield>
  </datafield>
  <datafield tag="084" ind1=" " ind2=" ">
   <subfield code="2">KET</subfield>
   <subfield code="a">CdR 219/99</subfield>
  </datafield>
  <datafield tag="110" ind1="2" ind2=" ">
   <subfield code="a">Επιτροπή των Περιφερειών της Ευρωπαϊκής Ένωσης.</subfield>
  </datafield>
  <datafield tag="245" ind1="1" ind2="0">
   <subfield code="a">Γνωμοδότηση για τη ανακοίνωση της Επιτροπής προς τα μέλη για τη θέσπιση των κατευθυντήριων γραμμών της κοινοτικής πρωτοβουλίας για την ανάπτυξη των αγροτικών περιοχών (LEADER+), ανακοίνωση της Επιτροπής προς τα κράτη μέλη για τη θέσπιση των κατευθυντήριων γραμμών σχετικά με το πρόγραμμμα κοινοτικής πρωτοβουλίας για το οποίο τα κράτη μέλη καλούνται να υποβάλουν προτάσεις ενίσχυσης στα πλαίσια της πρωτοβουλίας EQUAL, ανακοίνωση της Επιτροπής προς τα κράτη μέλη για τη θέσπιση των κατευθυντήριων γραμμών της κοινοτικής πρωτοβουλίας σχετικά με τη διευρωπαϊκή συνεργασία με στόχο την ενθάρρυνση της αρμονικής και ισορροπημένης ανάπτυξης του ευρωπαϊκόυ χώρου(INTERREG) COM(1999) 479 τελικό, COM(1999) 476 τελικό, COM(1999) 475 τελικό /</subfield>
   <subfield code="c">Επιτροπή των Περιφερειών</subfield>
  </datafield>
  <datafield tag="260" ind1="0" ind2=" ">
   <subfield code="a">Βρυξέλλες, Λουξεμβούργο:</subfield>
   <subfield code="b">Υπηρεσία Επισήμων Εκδόσεων των Ευρωπαϊκών Κοινοτήτων,</subfield>
   <subfield code="c">17.2.2000</subfield>
  </datafield>
  <datafield tag="300" ind1=" " ind2=" ">
   <subfield code="a">15 σ. :</subfield>
   <subfield code="c">30 εκ.</subfield>
  </datafield>
  <datafield tag="500" ind1=" " ind2=" ">
   <subfield code="a">CdR 219/99 fin</subfield>
  </datafield>
  <datafield tag="852" ind1=" " ind2=" ">
   <subfield code="a">INST</subfield>
   <subfield code="b">UNIPILB</subfield>
   <subfield code="c">KET</subfield>
   <subfield code="e">20061027</subfield>
   <subfield code="h">CdR 219/99</subfield>
   <subfield code="p">CdR 219/99</subfield>
   <subfield code="q">CdR 219/99</subfield>
   <subfield code="t">NOLOAN</subfield>
   <subfield code="y">23</subfield>
   <subfield code="4">1</subfield>
  </datafield>
 </record>
</collection>
